| 000 | 00640nam a2200205Ii 4500 | ||
|---|---|---|---|
| 003 | JO-AjNU | ||
| 008 | 230606s9999||||xx |||||||||||||| ||und|| | ||
| 020 | _a3-9805815-6-x | ||
| 040 |
_aJO-AjNU _beng _erda _cJO-AjNU |
||
| 041 | _aeng | ||
| 050 | 1 | 4 | _aLB2331 2003 |
| 100 | 3 |
_aEdited Horner, Horst, Albrecht Abele, Qaseem M. Alshannag, _eauthor _95836 |
|
| 245 | 0 | 0 | _aEnjoying Teaching: A handbook of practice-Oriented Teacher Education |
| 264 | 3 | 1 | _aGermany: Heideiberg,003 |
| 300 | _a210p | ||
| 336 |
_atext _btxt _2rdacontent |
||
| 337 |
_aunmediated _bn _2rdamedia |
||
| 338 |
_avolume _bnc _2rdacarrier |
||
| 650 | 4 |
_a Teaching _95837 |
|
| 999 |
_aE3027 _c3024 _d3024 |
||